Statystyki dla 15 krajów o największej liczbie zgonów Covid19 - 16 maja 2021

Kliknij tutaj aby rozwiązać quiz!

Ogólne statystyki

  • Ten quiz został rozwiązany 22 razy
  • Średni wynik to 12 z 24

Statystyki odpowiedzi

kraj% Poprawnych
Polska
95%
Stany Zjednoczone
95%
Niemcy
90%
Rosja
86%
Hiszpania
81%
Indie
81%
Włochy
81%
Francja
76%
Brazylia
62%
Meksyk
57%
Wielka Brytania
57%
Argentyna
52%
Chorwacja
38%
Belgia
33%
Czechy
33%
Słowacja
33%
Słowenia
29%
Węgry
29%
Bułgaria
24%
Iran
19%
Macedonia Północna
14%
Peru
14%
Bośnia i Hercegowina
10%
Kolumbia
10%

Rozkład punktacji

Percentyl według liczby udzielonych odpowiedzi

Procent ludzi z każdym wynikiem

Twoja historia wyników

Nie rozwiązałeś tego quizu